History of the british empire in India and the east (v.1)/ (Record no. 163229)

000 -LEADER
fixed length control field 00298nam a22001217a 4500
082 ## - DEWEY DECIMAL CLASSIFICATION NUMBER
Classification number
Item number
100 ## - MAIN ENTRY--PERSONAL NAME
Personal name Nolan E H
245 ## - TITLE STATEMENT
Title History of the british empire in India and the east (v.1)/
Statement of responsibility, etc. by Nolan E H.
260 ## - PUBLICATION, DISTRIBUTION, ETC.
Place of publication, distribution, etc. New Delhi:
Name of publisher, distributor, etc. Discover,
Date of publication, distribution, etc. 1987.
300 ## - PHYSICAL DESCRIPTION
Extent 804p.
650 ## - SUBJECT ADDED ENTRY--TOPICAL TERM
Topical term or geographic name entry element
942 ## - ADDED ENTRY ELEMENTS (KOHA)
Koha item type Book
Holdings
Withdrawn status Lost status Damaged status Not for loan Permanent Location Current Location Shelving location Date acquired Cost, normal purchase price Total Checkouts Barcode Date last seen Price effective from Koha item type
        RC Thiruvananthapuram RC Thiruvananthapuram   17.10.2018 6000.00   TV013358 17.10.2018 17.10.2018 Book
        RC Thiruvananthapuram RC Thiruvananthapuram   17.10.2018 6000.00   TV013359 17.10.2018 17.10.2018 Book
        RC Thiruvananthapuram RC Thiruvananthapuram   17.10.2018 6000.00   TV013360 17.10.2018 17.10.2018 Book
        RC Thiruvananthapuram RC Thiruvananthapuram   17.10.2018 6000.00   TV013361 17.10.2018 17.10.2018 Book